000 01390cam a22003977a 4500
001 2962
003 FISKH
005 20240126091649.0
008 130620s2012 nyuab j 000 1 eng d
010 _a 2012285794
020 _a9780545270540 (pbk.)
020 _a0545270545 (pbk.)
020 _a9781408327432
035 _a(OCoLC)ocn727710124
040 _aBTCTA
_beng
_cBTCTA
_dGO3
_dIMT
_dIEP
_dJAG
_dRNL
_dBDX
_dAZFX8
_dCVA
_dDLC
042 _alccopycat
050 0 0 _aPZ7.M507
_bBeb 2012
082 0 4 _a[Fic]
_222
100 1 _aMeadows, Daisy.
245 1 0 _aBelle the birthday fairy /
_cby Daisy Meadows.
250 _aThis edition published in 2013
260 _aLondon :
_bOrchard Books,
_c2010
300 _a73 pages :
_billustrations , map ;
_c20 cm
490 0 _aRainbow magic
505 _aR
520 _aWhen a perpetually disgruntled Jack Frost steals Belle the Birthday Fairy's three magic presents to ensure that no one will have a happy birthday, Rachel and Kirsty lend their assistance to recover the stolen magical objects.
521 _a690
_bLexile
521 _aR
_bRaz-Plus
650 0 _aFairies
_vJuvenile fiction.
650 0 _aBirthday parties
_vJuvenile fiction.
650 0 _aMagic
_vJuvenile fiction.
650 1 _aFairies
_vFiction.
650 1 _aFantasy.
906 _a7
_bcbc
_ccopycat
_d2
_encip
_f20
_gy-gencatlg
942 _2ddc
_cBK
_n0
999 _c2962
_d2962